|
|
|
|
| LEADER |
00825nab a2200205 i 4500 |
| 001 |
acta6368 |
| 005 |
20220922134039.0 |
| 008 |
161015s1969 hu o 0|| eng d |
| 022 |
|
|
|a 0324-6523
|
| 040 |
|
|
|a SZTE Egyetemi Kiadványok Repozitórium
|b hun
|
| 041 |
|
|
|a eng
|
| 100 |
1 |
|
|a Nagy László
|
| 245 |
1 |
0 |
|a Labour-statutory regulation in case of joint enterprises of socialist countries
|h [elektronikus dokumentum] /
|c Nagy László
|
| 260 |
|
|
|a Szegedi Tudományegyetem Állam- és Jogtudományi Kara
|b Szeged
|c 1969
|
| 300 |
|
|
|a 1-16
|
| 490 |
0 |
|
|a Acta Universitatis Szegediensis : acta juridica et politica
|v 16 No. 7
|
| 650 |
|
4 |
|a Társadalomtudományok
|
| 650 |
|
4 |
|a Jogtudomány
|
| 695 |
|
|
|a Munkajog - szocialista országok
|
| 856 |
4 |
0 |
|u http://acta.bibl.u-szeged.hu/6368/1/juridpol_016_fasc_007_001-016.pdf
|z Dokumentum-elérés
|